Innovation and entrepreneurship : (Record no. 11049)
[ view plain ]
| 000 -LEADER | |
|---|---|
| fixed length control field | 01048nam a22002775a 4500 |
| 001 - CONTROL NUMBER | |
| control field | 15276086 |
| 005 - DATE AND TIME OF LATEST TRANSACTION | |
| control field | 20201128013539.0 |
| 008 - FIXED-LENGTH DATA ELEMENTS--GENERAL INFORMATION | |
| fixed length control field | 080425t2008 enkad frb 001 0 eng d |
| 020 ## - INTERNATIONAL STANDARD BOOK NUMBER | |
| International Standard Book Number | 9781845429737 |
| 040 ## - CATALOGING SOURCE | |
| Original cataloging agency | DLC |
| Language of cataloging | eng |
| Transcribing agency | DLC |
| Modifying agency | EG-ScBUE |
| 043 ## - GEOGRAPHIC AREA CODE | |
| Geographic area code | e-ur--- |
| 082 04 - DEWEY DECIMAL CLASSIFICATION NUMBER | |
| Classification number | 338.040947 |
| Item number | INN |
| Edition number | 22 |
| 245 00 - TITLE STATEMENT | |
| Title | Innovation and entrepreneurship : |
| Remainder of title | Successful start-ups and businesses in emerging economies / |
| Statement of responsibility, etc | edited by Ruta Aidis, Friederike Welter. |
| 260 ## - PUBLICATION, DISTRIBUTION, ETC. (IMPRINT) | |
| Place of publication, distribution, etc | Cheltenham ; |
| -- | Northampton : |
| Name of publisher, distributor, etc | Edward Elgar Publishing Limited, |
| Date of publication, distribution, etc | c.2008. |
| 300 ## - PHYSICAL DESCRIPTION | |
| Extent | viii, 130 p. : |
| Other physical details | chart, tables ; |
| Dimensions | 24 cm. |
| 500 ## - GENERAL NOTE | |
| General note | Index : p. 125-130. |
| 504 ## - BIBLIOGRAPHY, ETC. NOTE | |
| Bibliography, etc | Includes bibliographical references. |
| 650 0# - SUBJECT ADDED ENTRY--TOPICAL TERM | |
| Topical term or geographic name as entry element | Entrepreneurship |
| Geographic subdivision | Former Soviet republics. |
| Source of heading or term | BUEsh |
| 9 (RLIN) | 2240 |
| 650 0# - SUBJECT ADDED ENTRY--TOPICAL TERM | |
| Topical term or geographic name as entry element | Business enterprises |
| Geographic subdivision | Former Soviet republics. |
| Source of heading or term | BUEsh |
| 9 (RLIN) | 2241 |
| 651 ## - SUBJECT ADDED ENTRY--GEOGRAPHIC NAME | |
| Source of heading or term | BUEsh |
| 653 ## - INDEX TERM--UNCONTROLLED | |
| Resource For college | BAEPS, Business Administration |
| Arrived date list | May2015 |
| 655 ## - INDEX TERM--GENRE/FORM | |
| Form subdivision | |
| -- | 34232 |
| 700 1# - ADDED ENTRY--PERSONAL NAME | |
| Personal name | Aidis, Ruta. |
| Relator term | editor. |
| 9 (RLIN) | 2242 |
| 700 1# - ADDED ENTRY--PERSONAL NAME | |
| Personal name | Welter, Friederike. |
| Relator term | editor. |
| 9 (RLIN) | 2243 |
| 942 ## - ADDED ENTRY ELEMENTS (KOHA) | |
| Source of classification or shelving scheme | Dewey Decimal Classification |
| Item type | Book - Borrowing |
| Call number prefix | 338.040947 INN |
| Withdrawn status | Item status | Source of classification or shelving scheme | Damaged status | Not for loan | Vendor | Home library | Current library | Shelving location | Date acquired | Source of acquisition | Cost, normal purchase price | Serial Enumeration / chronology | Total Checkouts | Total Renewals | Full call number | Barcode | Date last seen | Date last borrowed | Koha item type | Cost, replacement price |
|---|---|---|---|---|---|---|---|---|---|---|---|---|---|---|---|---|---|---|---|---|
| Dewey Decimal Classification | Baccah | Central Library | Central Library | First floor | 08/03/2009 | 525.00 | 7370 | 3 | 14 | 338.040947 INN | 000015394 | 15/07/2025 | 17/11/2013 | Book - Borrowing | ||||||
| Dewey Decimal Classification | Baccah | Central Library | Central Library | First floor | 26/05/2015 | 750.00 | 338.040947 INN | 000038319 | 15/07/2025 | Book - Borrowing | 938.00 |